Význam a role spolupráce obcí Jihočeského kraje v oblasti cestovního ruchu
Mikroregióny ako základná forma spolupráce na regionálnej úrovni. Mikroregionálna spolupráca v Juhočeskom kraji. Počet a zameranie mikroregiónov v Juhočeskom kraji. Zapojenie obcí do mikroregiónov. Význam spolupráce obcí z pohľadu cestovného ruchu.
Salvato in:
| Autore principale: | |
|---|---|
| Natura: | Capitolo di libro |
| Lingua: | ceco |
| Soggetti: | |
| Tags: |
Nessun Tag, puoi essere il primo ad aggiungerne!!
|
MARC
| LEADER | 00000naa a2200000 4500 | ||
|---|---|---|---|
| 001 | 0257452 | ||
| 005 | 20190809083221.8 | ||
| 041 | 0 | |a cze | |
| 044 | |a CZ | ||
| 245 | 1 | 0 | |a Význam a role spolupráce obcí Jihočeského kraje v oblasti cestovního ruchu |c Jiří Dušek |
| 520 | |a Mikroregióny ako základná forma spolupráce na regionálnej úrovni. Mikroregionálna spolupráca v Juhočeskom kraji. Počet a zameranie mikroregiónov v Juhočeskom kraji. Zapojenie obcí do mikroregiónov. Význam spolupráce obcí z pohľadu cestovného ruchu. | ||
| 610 | 2 | 0 | |a mikroregióny |
| 610 | 2 | 0 | |a obce |
| 610 | 2 | 0 | |a vidiek |
| 610 | 2 | 0 | |a spolupráca regionálna |
| 610 | 2 | 0 | |a odvetvia činnosti ekonomickej |
| 610 | 2 | 0 | |a ruch cestovný |
| 610 | 2 | 0 | |a financie |
| 610 | 2 | 0 | |a dotácie |
| 610 | 2 | 0 | |a Česko |
| 100 | 1 | |a Dušek, Jiří | |